Gaming Quiz

Random Gaming or Video Games Quiz
Score 0/54 Timer 10:00
0 Plays Today
National Pokedex Number Answer % Correct
144Articuno
91.9%
150Mewtwo
91.9%
151Mew
91.9%
145Zapdos
89.7%
146Moltres
89.7%
246Suicune
88.2%
250Ho-Oh
88.2%
245Entei
87.5%
249Lugia
87.5%
244Raikou
86%
383Groudon
86%
716Xerneas
85.3%
382Kyogre
85.3%
717Yveltal
85.3%
384Rayquaza
84.6%
483Dialga
83.8%
251Celebi
83.1%
385Deoxys
83.1%
484Palkia
83.1%
718Zygarde
81.6%
379Registeel
80.1%
377Regirock
79.4%
386Jirachi
79.4%
487Giratina
79.4%
643Reshiram
78.7%
378Regice
78.7%
644Zekrom
77.9%
National Pokedex Number Answer % Correct
719Diancie
77.9%
720Hoopa
77.9%
480Uxie
77.2%
380Latias
77.2%
381Latios
77.2%
493Arceus
76.5%
491Darkrai
75.7%
482Azelf
75%
481Mesprit
74.3%
645Landorus
73.5%
646Kyurem
73.5%
640Tornadus
72.8%
721Volcanion
72.8%
486Regigigas
72.1%
489Phione
72.1%
490Manaphy
71.3%
638Cobalion
71.3%
647Keldeo
71.3%
494Victini
70.6%
649Genesect
70.6%
492Shaymin
69.9%
642Thundurus
69.9%
639Virizion
69.1%
640Terrakion
69.1%
485Heatran
67.6%
488Cresselia
66.2%
648Meloetta
66.2%
Remove Ads.
Support Sporcle.
Get the best of Sporcle when you Go Orange. This ad-free experience offers more features, more stats, and more fun while also helping to support Sporcle. Thank you for becoming a member.

You're not logged in!

Compare scores with friends on all Sporcle quizzes.
OR
Log In

Show Comments

Extras

Top Quizzes Today


Score Distribution

Your Account Isn't Verified!

In order to create a playlist on Sporcle, you need to verify the email address you used during registration. Go to your Sporcle Settings to finish the process.

Report this User

Report this user for behavior that violates our Community Guidelines.

Details: